LEADER 01008nam a2200253 i 4500 001 000000157652 003 CaOOAMICUS 005 20240612153512.0 008 070115s1962 pl u000 u pol u 013 $a135008 040 $aSeMil$bita 245 10$aDzieje polski w obrazach /$cwstep i wybor ilustracji Maciej Maslowski ; noty historyczne Mateusz Siuchninski. 260 $aWarszawa :$bWidawn. Arkady,$c1962. 300 $a19 p., 186 ill. ;$c35 cm. 500 $aSul front. : Dedica. 650 4$aPolonia - Storia.$0(OLS)http://semarc/subject/4823 700 1 $aSiuchninski, Mateusz.$0(OLS)http://semarc/name/61532 700 1 $aMaslowski, Maciej.$0(OLS)http://semarc/name/61531 850 $aSeMil 852 $aSeMil$W1$xVenegono$y1$m5H XII 23$j109330$B109330$CSeMilBibl$Z2$F118845 $8I 961 $aRecupero: Altro 996 $6245$aDzieje polski w obrazach$9(OLS)http://semarc/title/231225 996 $6260$aWarszawa :$bWidawn. Arkady$9(OLS)http://semarc/publisher/48409 LEADER 00958nam a2200241 i 4500 001 000000333777 003 CaOOAMICUS 005 20210331113046.0 008 190605s2019 it u000 u ita u 020 $a978-88-16-41516-4 040 $aSeMil$bita 100 1 $aPanikkar, Raimon,$d<1918-2010>.$0(OLS)http://semarc/name/777 245 10$a5: Buddhismo /$cRaimon Panikkar. 264 1$aMilano :$bJaca Book,$c2019. 300 $aXIII, 446 p. ;$c24 cm. 650 4$aBuddismo.$0(OLS)http://semarc/subject/909 773 0 $aPanikkar, Raimon <1918-2010>$tOpera omnia.$dMilano : Jaca Book, 2008.$w()17743 850 $aSeMil 852 $aSeMil$W1$xVenegono$y1$m2R V 275$j213342$B226084$CSeMilBibl$Z2$F226084 $81 996 $6020$a978-88-16-41516-4$9(OLS)http://semarc/number/287422 996 $6245$a5: Buddhismo$9(OLS)http://semarc/title/423464 996 $6264$aMilano :$bJaca Book$9(OLS)http://semarc/publisher/29781